000 00538nam a2200217Ia 4500
003 OSt
005 20220924143314.0
006 a|||||r|||| 00| 0
007 ta
008 220923b |||||||| |||| 00| 0 urd d
024 _a307680
037 _cTextual
040 _aARTS
_cARTS
_burd
041 _2urd
_aurd
082 _aO168,1M75x, F2
100 _aMohani Hasrat
_9215360
245 0 _aIntekhab-e-dawaveen
260 _c1922
942 _hO168,1M75x, F2
_cTEXL
_2CC
999 _c454005
_d454005